| 000 | 00922cam a22002414a 4500 | ||
|---|---|---|---|
| 001 | 12269341 | ||
| 005 | 20251209144339.0 | ||
| 008 | 010104s2001 paua bd 000 0 eng c | ||
| 020 | _a0781730120 | ||
| 020 | _a9780781730129 | ||
| 050 | 0 | 0 |
_aR121 _b.S8 2001 |
| 082 | 0 | 0 |
_a610/.3 _221 |
| 245 | 0 | 0 |
_aStedman's concise medical dictionary for the health professions. _ceditor, John H. Dirckx. |
| 250 |
_aIll. 4th ed / _beditor, John H. Dirckx. |
||
| 260 |
_aPhiladelphia : _bLippincott Williams & Wilkins, _cc2001. |
||
| 300 |
_a1 v. (various pagings) : _bcol. ill. ; _c24 cm. + _e1 computer laser disk (4 3/4 in.) |
||
| 650 | 0 |
_aMedicine _vDictionaries. |
|
| 650 | 1 | 2 |
_aMedicine _vDictionary _xEnglish. |
| 700 | 1 |
_aStedman, Thomas Lathrop, _d1853-1938. |
|
| 700 | 1 |
_aDirckx, John H., _d1938- |
|
| 856 | 4 | 2 |
_3Publisher description _uhttp://www.loc.gov/catdir/enhancements/fy0727/2001016460-d.html |
| 942 |
_2lcc _cBK _e4th ed. _n0 |
||
| 999 |
_c8519 _d8519 |
||